01334nam a22002655i 450000100060000000300090000600500170001500700030003200800410003502000180007604000220009408000260011610000450014224502320018726001320041930000210055165000630057270000420063570000290067771000760070671001140078285200330089699900170092995201220094610864ES-MaACL20250901043621.0t|940214s1993 sp ||||0| spa j a84-451-0732-1 aM-BN bspa cM-BN a342.7-055.2(4-672 CE)1 aGonzález del Tánago, Lourdes.95858610aIgualdad de trato entre mujeres y hombres en la jurisprudencia europea / c[coordinación, Mª Luisa Alvarez Durante y Jaime Hevia Ruiz ; autores, Lourdes González del Tánago, José Luis Bautista Cordero, Carlos Senén]. aMadrid : bDirección General de la Mujer, Dirección General de Cooperación con el Estado y Asuntos Europeos, cD.L. 1993. a719 p ; c24 cm.14aMujeres-xDerechos-zPaíses de la Unión Europea9152671 aBautista Cordero, José Luis.9266221 aSenén, Carlos.91054531 aMadrid (Comunidad Autónoma). bDirección General de la Mujer.956151 aMadrid (Comunidad Autónoma). bDirección General de Cooperación con el Estado y Asuntos Europeos.95610 aES-MaACLjL-18186 bR.123093 c10864d10864 00104070aATENEOMbATENEOMcDEPO2d2008-01-17eSCl0oL-18186p1011082r2023-02-23 00:00:00w2023-02-23yMONOGRAFIA